| 000 | 00597nam a2200181Ia 4500 | ||
|---|---|---|---|
| 008 | 151202s9999||||xx |||||||||||||| ||und|| | ||
| 082 | _bPNVM-65154 | ||
| 100 | _aनाईक संजय. | ||
| 245 | _aदुनिया एक होस्टेल. | ||
| 260 | _b"मेघना प्रक ाशन, पुणे." | ||
| 260 | _c2007 | ||
| 300 | _a168 | ||
| 600 | _aनाईक संजय. | ||
| 630 | _aदुनिया एक होस्टेल. | ||
| 700 | _aनाईक संजय. | ||
| 730 | _aदुनिया एक होस्टेल. | ||
| 942 | _cBOOK | ||
| 999 |
_c1331686 _d1331683 |
||